| 000 | nam a22 7a 4500 | ||
|---|---|---|---|
| 999 |
_c127964 _d127964 |
||
| 008 | 180424b xxu||||| |||| 00| 0 eng d | ||
| 050 |
_aPN56.M54 _bM6 |
||
| 245 |
_aModernism _ba guide to European literature 1890-1930 _cEdited by Malcolm Bradbury and James McFarlane |
||
| 260 |
_aLondon _bPenguin Books _c1991 |
||
| 300 |
_a687p. ; _c20cm. |
||
| 650 |
_aModernism (Literature) _xEurope _941594 |
||
| 942 |
_2lcc _cMONOGRAPH |
||